| 000 | 00938nam a2200193 i 4500 | ||
|---|---|---|---|
| 001 | 159743 | ||
| 003 | ES-MaACL | ||
| 005 | 20251122063130.0 | ||
| 008 | 970820s1873 sp |||| | spa d | ||
| 100 | 1 |
_aMiraflores, Manuel Pando Fernández de Pinedo, _cMarqués de _9129966 |
|
| 245 | 1 | 0 |
_aContinuacion de las memorias políticas para escribir la historia del reinado de Isabel II / _cpor el Marques de Miraflores _b: comprenden desde el año de 1840 ... hasta el 30 de septiembre de 1868 ... |
| 260 |
_aMadrid : _b[s.n.], _c1873 ( _fImp. y Estereotipia de M. Rivadeneyra) |
||
| 300 |
_a2 v. ( XLVI, 1519 p. ) ; _c24 cm. |
||
| 651 | 4 |
_aEspaña- _xHistoria- _y1840-1843, Regencia de Espartero. _9167869 |
|
| 651 | 4 |
_aEspaña- _xHistoria- _z1843-1868, Isabel II _98256 |
|
| 740 | 0 | 2 | _aMemorias políticas para escribir la historia del reinado de Isabel II. |
| 852 |
_aES-MaACL _jG-5312-13 _z- Enc. hol. |
||
| 999 |
_c159743 _d159743 |
||